EFFECT OF DIFFERENT POSTINCUBATION ON LETHAL AND MUTAGENIC EFFECT OF UV-IRRADIATION

Bibliographic Details
Main Authors: Hanáková, Anna (Author), Sedliaková, Milena, 1927-2007 (Author)
Other Authors: Pieružková, Š. (Translator)
Format: Article
Language:English

MARC

LEADER 00000nab a2200000uu 4500
001 vtls011442258
003 SK-MaSNL
005 20260303123320.0
008 230213|1971 xo |||||||||||||||||eng|
015 |a SNBRB 
035 |a (urnnbn)urn:nbn:sk:snk:ar-0031yz 
035 |a (uuid)a6068879-7d5c-41dc-bef4-220ff4c68403 
035 |a urn:nbn:sk:snk-abcgbd 
040 |a SNKBUCL  |b slo  |c SNKBUCL  |e AACR2 
041 0 |a eng 
044 |a xo  |c SK 
100 1 |a Hanáková, Anna  |4 aut  |9 970979 
245 1 0 |a EFFECT OF DIFFERENT POSTINCUBATION ON LETHAL AND MUTAGENIC EFFECT OF UV-IRRADIATION  |c Anna Hanáková, Milena Sedliaková, Š. Pieružková 
700 1 |a Pieružková, Š.  |4 trl  |9 1138771 
700 1 |a Sedliaková, Milena,  |d 1927-2007  |4 aut  |9 103750 
773 0 |t Biológia : časopis Slovenskej akadémie vied  |g Roč. 26, č. 3 (1971), s. 187-192 
954 |a odborná, vedecká literatúra pôvodná (slovenská)  |2 lita 
958 |a OND 
958 |a EUIPO 
958 |a article16 
999 |c 1925130  |d 1927060